Entrenadores del Chelsea - Estadísticas

Estadísticas generales
  • Esta prueba ha sido intentada 25 veces
  • La puntuación promedio es 10 de 16
Estadísticas de respuestas
Pista Respuesta % Correcto
2004-2007 Jose Mourinho
100%
2013-2015 Jose Mourinho
100%
2024-ACT Enzo Maresca
83%
2016-2018 Antonio Conte
79%
2019-2021 Frank Lampard
79%
2023 Frank Lampard
79%
2021-2022 Tomas Tuchel
79%
2023-2024 Pochettino
75%
2009-2011 Carlo Ancelotti
71%
2012 Di Matteo
71%
2022-2023 Graham Potter
50%
2018-2019 Mauricio Sarri
50%
2011-2012 André Villas-Boas
46%
2000-2004 Claudio Ranieri
25%
2008-2009 Luiz Felipe Scolari
21%
2007-2008 Avram Grant
17%
No se encontraron pruebas coincidentes
Distribución de puntuación
Porcentaje de gente con cada puntuación
Porcentaje por número respondido
Historial de tus puntuaciones
No has intentado esta prueba.